| 000 | 00462nam a22001811a 4500 | ||
|---|---|---|---|
| 001 | 806 | ||
| 003 | OSt | ||
| 005 | 20260204211709.0 | ||
| 008 | 040114s1985||||dr ||||||b||||||||||spa|| | ||
| 050 | _aRD 591 J39z | ||
| 082 | _aRD 591 J39z | ||
| 100 | _aJeldes A. Fidel | ||
| 245 | _aZoología desde los invertebrados / Fidel Jeldes A. | ||
| 264 | _aSanto Domingo : Servicios Gráficos Integrados | ||
| 300 | _a136 p. | ||
| 650 | _a1.ZoologíaÌ | ||
| 942 |
_2ddc _cBK |
||
| 999 |
_c806 _d806 |
||